00756nam a2200253 a 4500001001300000003000900013005001700022008004100039020002500080082001500105100002100120245003100141260004400172300000900216500003500225505001000260650004000270650002500310700002100335902000800356942000700364952011600371999001500487nice12345678IN_TiNIC20260116013048.0050524s1988 newa grp 000 0 eng  a0300627 c486.500a306.2bKER aKertzer, David I aRitual, Politics and Power aNew HavenbYale University Press c1988 a235p aincludes index and biblioraphy2 aIndex aPolitical.Cust.& Rites-Cross.Cult.S aRites And Ceremonies1 aKertzer, David I bSRS cBK 001040708StackRoom-aHMIbHMId2007-04-04g486.50l0o306.2 KERp017544r2007-04-04v486.50w2005-05-24yBK c9491d9491